00609nam a2200193 a 450000100060000000300090000600800410001502000180005604000280007408200180010210000180012024501430013825000120028126000350029330000240032865000130035265000250036565000250039026731CO-ViMGA141112s2004 ck r 000 u spa d a9789974690448 aCO-ViMGAbspacCO-ViMGA04aI809.899 D13s1 aDahl, Michael10aSi tú fueras un sustantivo / cMichael Dahl ; adaptación y traducción al español Equipo Editorial Cypres ; ilustraciones Sara Gray a1a. ed. aUruguay : bLatinbooks, c2010 a24 p. : il. ; 24 cm14aLenguaje14aLibro didácticos 14aLiteratura infantil